Métro de Toulouse et Téléphérique - Statistiques

Statistiques générales
  • Ce quiz a été pris 52 fois
  • Le résultat moyen est 36 sur 41
Statistiques - réponses
Hint Réponse % Correct
Métro A et Métro B Jean Jaurès
100%
Métro B et , Métro A Jean Jaurès
100%
Métro B Ramonville
100%
Métro A , T1 , SNCF Arènes
98%
Métro A Basso Cambo
98%
Métro A Capitole
98%
Métro B Jeanne d'Arc
98%
Métro B et Téléo Université Paul Sabatier
98%
Téléo , Métro B Université Paul Sabatier
98%
Métro B François Verdier
95%
Métro A Balma Gramont
93%
Métro A Esquirol
93%
Métro B Faculté de Pharmacie
93%
Métro A Saint Cyprien République
93%
Métro A Marengo SNCF
91%
Métro B , T1 Palais de Justice
91%
Métro B Borderouge
89%
Métro B La Vache
89%
Métro B Saouzelong
89%
Métro B Canal du Midi
86%
Métro B Carmes
86%
Métro B Compans Caffarelli
86%
Métro A Patte d'Oie
86%
Métro B Rangueil
86%
Métro A Reynerie
86%
Métro B Saint Michel Marcel Langer
86%
Métro B Trois Cocus
86%
Métro A Bagatelle
84%
Métro A Jolimont
84%
Métro A Mirail Université
84%
Métro A Mermoz
82%
Métro A Roseraie
82%
Métro B Saint Agne SNCF
82%
Métro B Empalot
80%
Métro A Fontaine Lestang
80%
Métro B Minimes Claude Nougaro
80%
Métro A Bellefontaine
77%
Métro A Argoulets
70%
Métro B Barrière de Paris
70%
Téléo Oncopole - Lise Enjalbert
70%
Téléo Hôpital Rangueil - Louis Lareng
50%
Aucun quiz correspondant
Distribution des résultats
% des personnes avec chaque résultat
Percentile par nombre de réponses
Votre historique - résultats
Vous n’avez pas pris ce quiz